| 000 | 00837nam a2200277 i 4500 | ||
|---|---|---|---|
| 999 |
_c200444755 _d62967 |
||
| 003 | TR-AnTOB | ||
| 005 | 20220802153216.0 | ||
| 007 | ta | ||
| 008 | 211103s1964 fr 00| 0 fre d | ||
| 040 |
_aTR-AnTOB _beng _erda _cTR-AnTOB |
||
| 041 | 0 | _afre | |
| 050 | 1 | 4 |
_aTP751.5 _b.O74 1964 |
| 090 |
_aTP751.5 _b.O74 1964 |
||
| 110 | 2 |
_aOECD Special Committee for Gas _9137966 |
|
| 245 | 1 | 0 |
_aL'industrie du gaz : _b1964 / _cPoint de vue du Comite Special du gaz de I'OECD. |
| 264 | 1 |
_aParis : _bOECD, _c1964. |
|
| 300 |
_a187 pages : _btables ; _c26 cm |
||
| 336 |
_2rdacontent _atext _btxt |
||
| 337 |
_2rdamedia _aunmediated _bn |
||
| 338 |
_2rdacarrier _avolume _bnc |
||
| 650 | 0 |
_aGas industry _959627 |
|
| 653 | _aSanayi Kimyasalları Teknolojisi. | ||
| 942 |
_2lcc _cBK |
||